Online
Catalog

Soluciones a la delincuencia y la convivencia pacífica / (Record no. 43246)

MARC details
000 -CABECERA
campo de control de longitud fija 00824nam a2200229 a 4500
001 - NÚMERO DE CONTROL
campo de control 000043757
005 - FECHA Y HORA DE LA ÚLTIMA TRANSACCIÓN
campo de control 20260217122010.0
008 - DATOS DE LONGITUD FIJA--INFORMACIÓN GENERAL
campo de control de longitud fija 140422s2013 dr r 000 0 spa d
020 ## - NÚMERO INTERNACIONAL ESTÁNDAR DEL LIBRO
Número Internacional Estándar del Libro 9789993444978
040 ## - FUENTE DE LA CATALOGACIÓN
Centro catalogador/agencia de origen DO-SdBNP
Lengua de catalogación spa
Centro/agencia transcriptor BNPHU
082 ## - NÚMERO DE LA CLASIFICACIÓN DECIMAL DEWEY
Número de clasificación 364.3
Número de documento/Ítem M938s
100 1# - ENTRADA PRINCIPAL--NOMBRE DE PERSONA
Nombre de persona Moya Vásquez, José Antonio
9 (RLIN) 71588
245 10 - MENCIÓN DE TÍTULO
Título Soluciones a la delincuencia y la convivencia pacífica /
Mención de responsabilidad, etc. José Antonio Moya Vásquez ; prólogo Santiago H. Van Der Linde Borges.
260 ## - PUBLICACIÓN, DISTRIBUCIÓN, ETC.
Lugar de publicación, distribución, etc. Santo Domingo :
Nombre del editor, distribuidor, etc. Dalis,
Fecha de publicación, distribución, etc. 2013.
300 ## - DESCRIPCIÓN FÍSICA
Extensión 272 p. ;
Dimensiones 24 cm.
590 ## - NOTA LOCAL (RLIN)
Nota local Inventariado, 2018/BT
650 #0 - PUNTO DE ACCESO ADICIONAL DE MATERIA--TÉRMINO DE MATERIA
Término de materia o nombre geográfico como elemento de entrada Delincuencia
Subdivisión geográfica República Dominicana
9 (RLIN) 71589
650 #0 - PUNTO DE ACCESO ADICIONAL DE MATERIA--TÉRMINO DE MATERIA
Término de materia o nombre geográfico como elemento de entrada Delincuencia juvenil
9 (RLIN) 1711
650 #0 - PUNTO DE ACCESO ADICIONAL DE MATERIA--TÉRMINO DE MATERIA
Término de materia o nombre geográfico como elemento de entrada Violencia
9 (RLIN) 1750
700 12 - PUNTO DE ACCESO ADICIONAL--NOMBRE DE PERSONA
Nombre de persona Linde Borges, Santiago H. Van Der,
Término indicativo de función/relación pról .
9 (RLIN) 71590
910 ## - DATOS DE OPCIÓN DEL USUARIO (OCLC)
Datos de opción del usuario Validado. Control de calidad. MFF
Holdings
Estado de retiro Estado de pérdida Restricciones de uso No para préstamo Código de colección Localización permanente Ubicación/localización actual Ubicación en estantería Fecha de adquisición Número de inventario Total de préstamos Signatura topográfica completa Código de barras Fecha visto por última vez Número de copia Precio válido a partir de Tipo de ítem Koha
        Dominicana de Servicio General General Depósito 22.04.2014 LF1   364.3 M938s 43757-30 25.06.2020 e. 3 25.06.2020 Libro y Folleto Colección Dominicana de Servicio
      Excluido de préstamo Patrimonio Dominicano Patrimonio Dominicano Patrimonio Dominicano Depósito 22.04.2014 LF1   364.3 M938s 43757-10 25.06.2020   25.06.2020 Libro y Folleto Colección Patrimonio Dominicano
      Excluido de préstamo Patrimonio Dominicano Patrimonio Dominicano Patrimonio Dominicano Depósito 22.04.2014 LF1   364.3 M938s 43757-20 25.06.2020 e. 2 25.06.2020 Libro y Folleto Colección Patrimonio Dominicano

Powered by Koha